|
|
|
|
| LEADER |
00998cam a2200253 7i4500 |
| 001 |
0000014286 |
| 005 |
20170622090000.0 |
| 008 |
070309 bm |
| 020 |
|
|
|a 9789833376810 (pbk.)
|
| 020 |
|
|
|a 9833376819 (pbk.)
|
| 090 |
0 |
0 |
|a BF199
|b .P86 2005
|
| 245 |
0 |
0 |
|a Punca dan rawatan :
|b kecelaruan tingkah laku
|c Azizi Yahaya ... [et al.].
|
| 260 |
|
|
|a Kuala Lumpur:
|b PTS Professional,
|c 2005.
|
| 300 |
|
|
|a xiv, 307 p.;
|c 23 cm.
|
| 504 |
|
|
|a Includes bibliographical references and index
|
| 650 |
0 |
0 |
|a Behaviorism (Psychology)
|
| 650 |
0 |
0 |
|a Behavior therapy
|
| 700 |
0 |
|
|a Azizi Yahaya
|
| 997 |
|
|
|a Education & Social Sciences, Faculty
|b Social Sciences, Department
|
| 998 |
|
|
|a Industrial Psychology, Degree
|
| 999 |
|
|
|a 0000017601
|b BOK
|c OPEN SHELF
|e 1st Floor, Bestari Jaya
|
| 999 |
|
|
|a 0000033676
|b BOK
|c OPEN SHELF
|e 1st Floor, Bestari Jaya
|
| 999 |
|
|
|a 0000033677
|b BOK
|c OPEN SHELF
|e 1st Floor, Bestari Jaya
|
| 999 |
|
|
|a 0000033680
|b BOK
|c OPEN SHELF
|e 1st Floor, Bestari Jaya
|